| 000 | 00939nac a22002897a 4500 | ||
|---|---|---|---|
| 001 | BR2011003305 | ||
| 003 | BR-BrBNA | ||
| 005 | 20240105123915.0 | ||
| 008 | 230509b bl.|||m| |||| 00| 0 por d | ||
| 040 |
_aBR-BrBNA _bpor _cBiblioteca Nacional de Agricultura |
||
| 072 | _aP06 | ||
| 090 | _aP06 BR2011003305 | ||
| 100 | 1 | _aVaz Junior, S. | |
| 110 | 1 |
_aEMBRAPA Agroenergia, Brasília, DF (Brasil) _93532 |
|
| 245 | 1 | _aAnálise química instrumental e sua aplicação em controle de qualidade de biocombustíveis | |
| 260 | 3 |
_aBrasília, DF (Brasil): _c2010. |
|
| 300 | _a7 p. | ||
| 490 |
_aCircular Técnica - EMBRAPA Agroenergia (Brazil) _vno. 3 _xISSN 2177-4420 |
||
| 500 | _a5 tables; 12 ref. | ||
| 650 | _aBIOCOMBUSTÍVEL | ||
| 650 | _aANÁLISE QUÍMICA | ||
| 650 | _aCONTROLE DE QUALIDADE | ||
| 650 | _aCROMATOGRAFIA | ||
| 650 | _aETANOL | ||
| 909 |
_a202312 _bLúcia Elande _c55 _dLúcia Elande |
||
| 942 |
_2AGRIS _n0 _cMS |
||
| 999 |
_c297496 _d297496 |
||